000 00270nam a2200109Ia 4500
008 190216s9999||||xx |||||||||||||| ||und||
100 _aVenmani S Shankara Varier
245 0 _aMalayalam-Nothradamile Koonan
260 _bNbs Kottayam
650 _aMalayalam
942 _cBK
999 _c25366
_d25366